000 00486nam a2200181Ia 4500
005 20250508154019.0
008 008 250505s9999 xx 000 0 eng d
037 _aTextual
040 _aFEDL
_beng
_cFEDL
041 _aeng
_2eng
084 _a600, FRI
_qFEDL
100 _aFridland L
_9764862
245 0 _aPaths of science
260 _aMoscow
_bForeign Languages Publishing House
_c1956
300 _a295p.
942 _cTEXL
_h600, FRI
999 _c1347034
_d1347034